000 00359nam a2200145Ia 4500
008 240624s9999 xx 000 0 und d
041 _aeng
082 _a823 RAY
100 _aRAY SATYAJIT
245 _aCOMPLETE ADVENTURES OF FELUDA
260 _c2004
_aNew Delhi
_bPenguin Books
300 _axiii, : 785 : p. : cm. ; 21
365 _cRS
_b30
440 _v2
999 _c13646
_d13646